000 00414pab a2200157 454500
008 180718b2012 xxu||||| |||| 00| 0 eng d
100 _aMatheson, Criag
245 _aThe motivation of public sector employees: An outline of six orientation to work
260 _c2012
300 _ap.207-237.
362 _aMar
650 _aMotivation
773 _aAdministration and Society
908 _aN
909 _a97451
999 _c97451
_d97451